All London Underground Stations 2023 - Statistics

General Stats
  • This quiz has been taken 119 times
  • The average score is 221 of 457
Answer Stats
Answer % Correct
Aldgate
87%
Canary Wharf
87%
King's Cross St Pancras
87%
London Bridge
87%
Oxford Circus
87%
Angel
80%
Baker Street
80%
Bank
80%
Camden Town
80%
Charing Cross
80%
Ealing Broadway
80%
Embankment
80%
Euston
80%
Hyde Park Corner
80%
Leicester Square
80%
Liverpool Street
80%
Piccadilly Circus
80%
Stratford
80%
Tottenham Court Road
80%
Tower Hill
80%
Victoria
80%
Waterloo
80%
West Ham
80%
Aldgate East
73%
Blackfriars
73%
Bond Street
73%
Brixton
73%
Bromley-by-Bow
73%
Clapham Common
73%
East Finchley
73%
East Ham
73%
Elephant & Castle
73%
Golders Green
73%
Green Park
73%
Greenwich
73%
Heathrow Terminal 4
73%
Heathrow Terminal 5
73%
Heathrow Terminals 1,2,3
73%
High Barnet
73%
Knightsbridge
73%
Marylebone
73%
Moorgate
73%
Morden
73%
Mornington Crescent
73%
Paddington
73%
Pimlico
73%
South Kensington
73%
Tooting Bec
73%
Tooting Broadway
73%
Vauxhall
73%
West Acton
73%
Westminster
73%
Whitechapel
73%
Wimbledon
73%
Amersham
67%
Battersea Power Station
67%
Brent Cross
67%
Chesham
67%
Chigwell
67%
Colliers Wood
67%
Covent Garden
67%
Dagenham East
67%
East Acton
67%
Epping
67%
Euston Square
67%
Farringdon
67%
Finchley Central
67%
Finsbury Park
67%
Hammersmith
67%
Highbury & Islington
67%
High Street Kensington
67%
Holborn
67%
Kew Gardens
67%
Kilburn
67%
Kingsbury
67%
Mansion House
67%
Mile End
67%
Oval
67%
Queensway
67%
Regents Park
67%
Ruislip
67%
Russell Square
67%
Sloane Square
67%
South Ruislip
67%
St James Park
67%
St Paul's
67%
Tottenham Hale
67%
Upminster
67%
Uxbridge
67%
Walthamstow Central
67%
Warren Street
67%
West Finchley
67%
West Hampstead
67%
West Kensington
67%
West Ruislip
67%
Acton Town
60%
Archway
60%
Arsenal
60%
Balham
60%
Barbican
60%
Bayswater
60%
Belsize Park
60%
Bermondsey
60%
Bethnal Green
60%
Borough
60%
Bow Road
60%
Burnt Oak
60%
Caledonian Road
60%
Canning Town
60%
Cannon Street
60%
Chalk Farm
60%
Chancery Lane
60%
Clapham North
60%
Clapham South
60%
Cockfosters
60%
Colindale
60%
Dagenham Heathway
60%
Debden
60%
Earl's Court
60%
Eastcote
60%
East Putney
60%
Edgware
60%
Edgware Road
60%
Fulham Broadway
60%
Gloucester Road
60%
Goodge Street
60%
Grange Hill
60%
Great Portland Street
60%
Hainault
60%
Hampstead
60%
Hanger Lane
60%
Hendon Central
60%
Hillingdon
60%
Holland Park
60%
Holloway Road
60%
Kennington
60%
Kensington Olympia
60%
Kentish Town
60%
Ladbroke Grove
60%
Lancaster Gate
60%
Leyton
60%
Leytonstone
60%
Loughton
60%
Maida Vale
60%
Manor House
60%
Marble Arch
60%
Monument
60%
Neasden
60%
Nine Elms
60%
North Greenwich
60%
Northolt
60%
North Wembley
60%
Old Street
60%
Perivale
60%
Putney Bridge
60%
Queensbury
60%
Queen's Park
60%
Richmond
60%
Royal Oak
60%
Seven Sisters
60%
Shepherd's Bush
60%
Shepherd's Bush Market
60%
Southfields
60%
Southwark
60%
South Wimbledon
60%
Stepney Green
60%
St John's Wood
60%
Stockwell
60%
Swiss Cottage
60%
Temple
60%
Totteridge & Whetstone
60%
Warwick Avenue
60%
Watford
60%
Willesden Green
60%
Wimbledon Park
60%
Wood Lane
60%
Arnos Grove
53%
Barking
53%
Barkingside
53%
Barons Court
53%
Becontree
53%
Blackhorse Road
53%
Boston Manor
53%
Bounds Green
53%
Canada Water
53%
Chalfont & Latimer
53%
Chiswick Park
53%
Chorleywood
53%
Croxley
53%
Dollis Hill
53%
Ealing Common
53%
Elm Park
53%
Fairlop
53%
Finchley Road
53%
Gants Hill
53%
Goldhawk Road
53%
Greenford
53%
Gunnersbury
53%
Harlesden
53%
Harrow-on-the-Hill
53%
Harrow & Wealdstone
53%
Hatton Cross
53%
Hounslow Central
53%
Hounslow East
53%
Hounslow West
53%
Ickenham
53%
Kensal Green
53%
Kenton
53%
Lambeth North
53%
Latimer Road
53%
Limehouse
53%
Mill Hill East
53%
Newbury Park
53%
North Ealing
53%
Northfields
53%
North Harrow
53%
Notting Hill Gate
53%
Osterley
53%
Park Royal
53%
Parsons Green
53%
Pinner
53%
Plaistow
53%
Ravenscourt Park
53%
Rayners Lane
53%
Redbridge
53%
Ruislip Gardens
53%
Ruislip Manor
53%
Southgate
53%
South Kenton
53%
South Woodford
53%
Stanmore
53%
Tufnell Park
53%
Turnham Green
53%
Upminster Bridge
53%
Upney
53%
Upton Park
53%
Wanstead
53%
Wembley Central
53%
Wembley Park
53%
Westbourne Park
53%
West Brompton
53%
West Ealing
53%
White City
53%
Willesden Junction
53%
Woodford
53%
Wood Green
53%
Woodside
53%
Woolwich
53%
Alperton
47%
Buckhurst Hill
47%
Canons Park
47%
Church Street
47%
Clapham Junction
47%
East India
47%
Hornchurch
47%
Kilburn Park
47%
Moor Park
47%
North Acton
47%
Northwick Park
47%
Northwood
47%
Northwood Hills
47%
Preston Road
47%
Rickmansworth
47%
Roding Valley
47%
Shadwell
47%
South Ealing
47%
Stamford Brook
47%
Stonebridge Park
47%
Stratford High Street
47%
Theydon Bois
47%
Turnpike Lane
47%
Abbey Road
40%
Abbey Wood
40%
All Saints
40%
Bruce Grove
40%
Cheshunt
40%
Cutty Sark
40%
East Croydon
40%
Hackney Wick
40%
Heron Quays
40%
Highgate
40%
Hoxton
40%
Ilford
40%
Island Gardens
40%
Lewisham
40%
London City Airport
40%
Mudchute
40%
New Cross
40%
New Cross Gate
40%
Poplar
40%
Reading
40%
Romford
40%
Snaresbrook
40%
South Acton
40%
South Quay
40%
Sudbury Hill
40%
Sudbury Town
40%
Tower Gateway
40%
Wapping
40%
West India Quay
40%
White Hart Lane
40%
Acton Central
33%
Beckton
33%
Beckton Park
33%
Blackwall
33%
Brentwood
33%
Bushey
33%
Bush Hill Park
33%
Cambridge Heath
33%
Camden Road
33%
Chingford
33%
Clapham High Street
33%
Crossharbour
33%
Crystal Palace
33%
Cyprus
33%
Denmark Hill
33%
Deptford Bridge
33%
Devons Road
33%
Edgware Road
33%
Edmonton Green
33%
Elverson Road
33%
Enfield Town
33%
Forest Hill
33%
Gallions Reach
33%
Hackney Downs
33%
Hampstead Heath
33%
Kensal Rise
33%
King George V
33%
Langdon Park
33%
London Fields
33%
Mitcham
33%
New Addington
33%
Pontoon Dock
33%
Pudding Mill Lane
33%
Royal Albert
33%
Royal Victoria
33%
Shenfield
33%
Silver Street
33%
Southbury
33%
Star Lane
33%
Stoke Newington
33%
Stratford International
33%
Theobalds Grove
33%
Turkey Street
33%
West Croydon
33%
Westferry
33%
West Silvertown
33%
Woodside Park
33%
Woolwich Arsenal
33%
Acton Main Line
27%
Addiscombe
27%
Anerley
27%
Arena
27%
Avenue Road
27%
Beckenham Junction
27%
Beckenham Road
27%
Beddington Lane
27%
Birkbeck
27%
Blackhorse Lane
27%
Bow Church
27%
Brondesbury
27%
Brondesbury Park
27%
Burnham
27%
Caledonian Road & Barnsbury
27%
Centrale
27%
Chadwell Heath
27%
Clapton
27%
Coombe Lane
27%
Crouch Hill
27%
Custom House
27%
Dalston Junction
27%
Dalston Kingsland
27%
Dundonald Road
27%
Elmers End
27%
Emerson Park
27%
Forest Gate
27%
George Street
27%
Gidea Park
27%
Goodmayes
27%
Gospel Oak
27%
Gravel Hill
27%
Hackney Central
27%
Haggerston
27%
Harold Wood
27%
Harringay Green Lanes
27%
Harrington Road
27%
Hayes & Harlington
27%
Headstone Lane
27%
Homerton
27%
Honor Oak Park
27%
Iver
27%
Kentish Town West
27%
Kilburn High Road
27%
King Henry's Drive
27%
Lebanon Road
27%
Leyton Midland Road
27%
Leytonstone High Road
27%
Maidenhead
27%
Manor Park
27%
Maryland
27%
Mitcham Junction
27%
Morden Road
27%
Norwood Junction
27%
Peckham Rye
27%
Prince Regent
27%
Queens Road Peckham
27%
Reeves Corner
27%
Rotherhithe
27%
Seven Kings
27%
Shoreditch High Street
27%
Slough
27%
South Tottenham
27%
Surrey Quays
27%
Sydenham
27%
Taplow
27%
Twyford
27%
Upper Holloway
27%
Waddon Marsh
27%
Walthamstow Queen's Road
27%
Wandsworth Road
27%
Watford High Street
27%
Wellesley Road
27%
West Drayton
27%
Woodgrange Park
27%
Addington Village
20%
Ampere Way
20%
Barking Riverside
20%
Belgrave Walk
20%
Brockley
20%
Canonbury
20%
Carpenders Park
20%
Fieldway
20%
Finchley Road & Frognal
20%
Greenwich Penninsula
20%
Hatch End
20%
Highams Park
20%
Imperial Wharf
20%
Langley
20%
Lloyd Park
20%
Merton Park
20%
Penge West
20%
Phipps Bridge
20%
Royal Docks
20%
Sandilands
20%
Southall
20%
South Hampstead
20%
Stamford Hill
20%
St James Street
20%
Therapia Lane
20%
Wandle Park
20%
Wanstead Park
20%
Watford Junction
20%
Wood Street
20%
Hanwell
13%
Drayton Park
7%
Oaklands
7%
Essex Road
0%
No matching quizzes found
Score Distribution
Percent of People with Each Score
Percentile by Number Answered
Your Score History
You have not taken this quiz